Dvojčata na stopě. Tajemný kód /
Dvojčata Kája a Petr dostanou za úkol provést po Praze jejich vzdálenou sestřenici Betty. V domě, kde bydlí u své tety, se shodou náhod ocitnou v bytě nerudného souseda pana Štajna. Na obraze s výjevem alchymistické dílny, který mu visí v pokoji, objeví zvláštní kód. Touha po jeho rozluštění odstart...
Uloženo v:
| Série: | Dvojčata na stopě,
část 2 |
|---|---|
| Hlavní autor: | |
| Další autoři: | |
| Médium: | E-kniha |
| Jazyk: | Czech |
| Vydáno: |
Praha :
Fragment,
2018
|
| Vydání: | 1. vydání |
| Témata: | |
| Příbuzné jednotky: | Z cyklu::
Dvojčata na stopě |
| Tagy: |
Žádné tagy |
| LEADER | 02733nam a2200541 i 4500 | ||
|---|---|---|---|
| 001 | 310865 | ||
| 003 | CZ PrSKC | ||
| 005 | 20260601215656.0 | ||
| 007 | ta | ||
| 008 | 180206s2018 xr a c 000 j cze | ||
| 015 | |a cnb002978730 | ||
| 020 | |a 9788025335703 |q (vázáno) : |c Kč 169,00 | ||
| 035 | |a (OCoLC)1035471698 | ||
| 040 | |a OLA001 |b cze |e rda | ||
| 072 | 7 | |a 821.162.3-3 |x Česká próza |2 Konspekt | |
| 072 | 7 | |a 821-93 |x Literatura pro děti a mládež (beletrie) |2 Konspekt | |
| 080 | |a 821.162.3-32 |2 MRF | ||
| 080 | |a 821-93 |2 MRF | ||
| 080 | |a (0:82-322.4) |2 MRF | ||
| 080 | |a (0.05)793.7 |2 MRF | ||
| 100 | 1 | |a Hendrych, Josef |7 kv2016917501 |4 aut | |
| 245 | 1 | 0 | |a Dvojčata na stopě. |p Tajemný kód / |c Josef Hendrych ; ilustroval Bohumil Fencl |
| 246 | 3 | 0 | |a Tajemný kód |
| 250 | |a 1. vydání | ||
| 264 | 1 | |a Praha : |b Fragment, |c 2018 | |
| 300 | |a 87 stran : |b ilustrace ; |c 22 cm | ||
| 336 | |a text |b txt |2 rdacontent | ||
| 337 | |a bez média |b n |2 rdamedia | ||
| 338 | |a svazek |b nc |2 rdacarrier | ||
| 520 | 2 | |a Dvojčata Kája a Petr dostanou za úkol provést po Praze jejich vzdálenou sestřenici Betty. V domě, kde bydlí u své tety, se shodou náhod ocitnou v bytě nerudného souseda pana Štajna. Na obraze s výjevem alchymistické dílny, který mu visí v pokoji, objeví zvláštní kód. Touha po jeho rozluštění odstartuje neuvěřitelné dobrodružství. Nakladatelská anotace. Kráceno. | |
| 520 | 2 | |a Dvojčata Kája a Petr se tentokát pokoušejí vyluštit tajemný kód z alchymistického obrazu. Detektivní příběh, do kterého se mohou čtenáři sami zapojit při řešení hádanek. Pro děti okolo 10 let. | |
| 521 | 8 | |a Pro děti od 9 let | |
| 655 | 7 | |a české příběhy |7 fd133973 |2 czenas | |
| 655 | 7 | |a detektivní příběhy |7 fd132009 |2 czenas | |
| 655 | 7 | |a čtenářské hry |7 fd133978 |2 czenas | |
| 655 | 7 | |a publikace pro děti |7 fd133156 |2 czenas | |
| 655 | 9 | |a Czech stories |2 eczenas | |
| 655 | 9 | |a detective stories |2 eczenas | |
| 655 | 9 | |a literary recreations |2 eczenas | |
| 655 | 9 | |a children's literature |2 eczenas | |
| 700 | 1 | |a Fencl, Bohumil, |d 1967- |7 jx20040625011 |4 ill | |
| 787 | 0 | 8 | |i Z cyklu: |t Dvojčata na stopě |g 2 |
| 900 | |a ABA001 |b 21 | ||
| 928 | 9 | |a Albatros Media - Fragment | |
| 044 | |a xr | ||
| 910 | |a RBIT002 | ||
| 998 | |d 177431 |a https://core.palmknihy.cz/api/books/177431/cover?p3d1oe |b https://core.palmknihy.cz/api/books/177431/cover/400?p3d1oe |c https://core.palmknihy.cz/api/books/177431/cover/50?p3d1oe |e 2039-12-31 |g 88 |i 9788025335703 |j https://core.palmknihy.cz/api/books/177431/preview.epub |k https://core.palmknihy.cz/api/books/177431/preview.pdf |l |q 49 |r 1 |s https://www.palmknihy.cz/kniha/177431 |t ebook |y 2018 |z 0 |v Dvojčata na stopě |w 2 | ||
| 999 | |d 310863 | ||